<?xml version="1.0" encoding="UTF-8"?><?xml-stylesheet type="text/xsl" href="static/style.xsl"?><OAI-PMH xmlns="http://www.openarchives.org/OAI/2.0/" xmlns:xsi="http://www.w3.org/2001/XMLSchema-instance" xsi:schemaLocation="http://www.openarchives.org/OAI/2.0/ http://www.openarchives.org/OAI/2.0/OAI-PMH.xsd"><responseDate>2026-04-13T06:12:59Z</responseDate><request verb="GetRecord" identifier="oai:www.recercat.cat:10230/37242" metadataPrefix="marc">https://recercat.cat/oai/request</request><GetRecord><record><header><identifier>oai:recercat.cat:10230/37242</identifier><datestamp>2025-12-13T21:25:42Z</datestamp><setSpec>com_2072_6</setSpec><setSpec>col_2072_452952</setSpec></header><metadata><record xmlns="http://www.loc.gov/MARC21/slim" xmlns:dcterms="http://purl.org/dc/terms/" xmlns:xsi="http://www.w3.org/2001/XMLSchema-instance" xmlns:doc="http://www.lyncode.com/xoai" xsi:schemaLocation="http://www.loc.gov/MARC21/slim http://www.loc.gov/standards/marcxml/schema/MARC21slim.xsd">
   <leader>00925njm 22002777a 4500</leader>
   <datafield ind2=" " ind1=" " tag="042">
      <subfield code="a">dc</subfield>
   </datafield>
   <datafield ind2=" " ind1=" " tag="720">
      <subfield code="a">Germano, Fabrizio</subfield>
      <subfield code="e">author</subfield>
   </datafield>
   <datafield ind2=" " ind1=" " tag="720">
      <subfield code="a">Gómez, Vicenç</subfield>
      <subfield code="e">author</subfield>
   </datafield>
   <datafield ind2=" " ind1=" " tag="720">
      <subfield code="a">Le Mens, Gaël</subfield>
      <subfield code="e">author</subfield>
   </datafield>
   <datafield ind2=" " ind1=" " tag="260">
      <subfield code="c">2019-05-17T13:53:30Z</subfield>
   </datafield>
   <datafield ind2=" " ind1=" " tag="260">
      <subfield code="c">2019-05-17T13:53:30Z</subfield>
   </datafield>
   <datafield ind2=" " ind1=" " tag="260">
      <subfield code="c">2019</subfield>
   </datafield>
   <datafield ind2=" " ind1=" " tag="520">
      <subfield code="a">Comunicació presentada a: the 2019 World Wide Web Conference (WWW ’19), celebrat a San Francisco, Estat Units d&amp;apos;Amèrica, del 13 al 17 de maig de 2019.</subfield>
   </datafield>
   <datafield ind2=" " ind1=" " tag="520">
      <subfield code="a">Ranking algorithms play a crucial role in online platforms ranging from search engines to recommender systems. In this paper, we identify a surprising consequence of popularity-based rankings: the fewer the items reporting a given signal, the higher the share of the overall traffic they collectively attract. This few-get-richer effect emerges in settings where there are few distinct classes of items (e.g., left-leaning news sources versus right-leaning news sources), and items are ranked based on their popularity. We demonstrate analytically that the few-get-richer effect emerges when people tend to click on top-ranked items and have heterogeneous preferences for the classes of items. Using simulations, we analyze how the strength of the effect changes with assumptions about the setting and human behavior.We also test our predictions experimentally in an online experiment with human participants. Our findings have important implications to understand the spread of misinformation.</subfield>
   </datafield>
   <datafield ind2=" " ind1=" " tag="520">
      <subfield code="a">F. Germano acknowledges financial support from Grant ECO2017-89240-P (AEI/FEDER, UE) from the Spanish MINECO. G. Le Mens benefited from financial support from Ramon y Cajal Fellowship RYC-2014-15035 and Grant #AEI/FEDER UE-PSI2016-75353 from the Spanish MINECO, and ERC Consolidator Grant #772268 from the European Commission. V. Gómez is funded by the Ramon y Cajal program RYC-2015-18878 (AEI/MINECO/FSE,UE) and the María de Maeztu Units of Excellence Programme (MDM-2015-0502). The research leading to these results has received funding from “La Caixa&amp;quot; Banking Foundation. Data from the experiment are available at https://osf.io/nwjyf/.</subfield>
   </datafield>
   <datafield ind2="0" ind1="0" tag="245">
      <subfield code="a">The Few-get-richer: a surprising consequence of popularity-based rankings</subfield>
   </datafield>
</record></metadata></record></GetRecord></OAI-PMH>